Downfall by degrees / (Record no. 132459)

MARC details
000 -LEADER
fixed length control field 00761nam a22002537a 4500
003 - CONTROL NUMBER IDENTIFIER
control field dpl
005 - DATE AND TIME OF LATEST TRANSACTION
control field 20200122102043.0
008 - FIXED-LENGTH DATA ELEMENTS--GENERAL INFORMATION
fixed length control field 180718b xxu||||| |||| 00| 0 eng d
010 ## - LIBRARY OF CONGRESS CONTROL NUMBER
LC control number B-098854
020 ## - INTERNATIONAL STANDARD BOOK NUMBER
Terms of availability 295.00
International Standard Book Number 9788187649397
035 ## - SYSTEM CONTROL NUMBER
System control number B-098854, B-098875
037 ## - SOURCE OF ACQUISITION
Source of stock number/acquisition Cen Lib/Ret
040 ## - CATALOGING SOURCE
Original cataloging agency DPL
Language of cataloging EN
Transcribing agency 0
082 ## - DEWEY DECIMAL CLASSIFICATION NUMBER
Classification number S
Item number ABD
100 ## - MAIN ENTRY--PERSONAL NAME
Personal name Abdullah Hussein
9 (RLIN) 34789
245 ## - TITLE STATEMENT
Title Downfall by degrees /
Statement of responsibility, etc by Abdullah Hussein; translated by Muhammad Umar Memon
260 ## - PUBLICATION, DISTRIBUTION, ETC. (IMPRINT)
Place of publication, distribution, etc New Delhi
Date of publication, distribution, etc 2003
Name of publisher, distributor, etc Katha
270 ## - ADDRESS
City New Delhi
Address Sarvodya enclave, Sri aurobindo marg
Postal code 110017
300 ## - PHYSICAL DESCRIPTION
Extent 1294p.
Dimensions 21cm(pbk)
650 ## - SUBJECT ADDED ENTRY--TOPICAL TERM
Topical term or geographic name as entry element Literature
9 (RLIN) 6262
650 ## - SUBJECT ADDED ENTRY--TOPICAL TERM
Topical term or geographic name as entry element Short stories
9 (RLIN) 44
700 ## - ADDED ENTRY--PERSONAL NAME
Personal name Muhammad Umar Memon
9 (RLIN) 34790
942 ## - ADDED ENTRY ELEMENTS (KOHA)
Source of classification or shelving scheme Dewey Decimal Classification
Koha item type English Books
Classification part S
Call number suffix ABD
Holdings
Withdrawn status Lost status Damaged status Not for loan Home library Current library Date acquired Source of acquisition Cost, normal purchase price Total Checkouts Total Renewals Full call number Barcode Date last seen Date checked out Copy number Cost, replacement price Price effective from Koha item type Source of classification or shelving scheme Collection code
        Central Library Central Library 22/07/2015 Cen Lib/Ret 295.00 1 1 S ABD B-098854 19/01/2020 24/12/2019 1 295.00 22/07/2015 English Books    
        Shahdara Branch Shahdara Branch 18/07/2018 BPPD/PUB 295.00 1 1 S ABD B-098875 24/08/2018 25/07/2018   295.00 18/07/2018 English Books Dewey Decimal Classification Fiction

© Delhi Public Library
Hit Counter
free hit counter